| 000 -CABECERA |
| campo de control de longitud fija |
01278nam a2200241 4500 |
| 005 - FECHA Y HORA DE LA ÚLTIMA TRANSACCIÓN |
| campo de control |
20210415225051.0 |
| 008 - DATOS DE LONGITUD FIJA--INFORMACIÓN GENERAL |
| campo de control de longitud fija |
210415s1981 pe ab||fr|||| 001 0 spa d |
| 040 ## - FUENTE DE LA CATALOGACIÓN |
| Centro catalogador/agencia de origen |
CENDOC CAAAP |
| Lengua de catalogación |
spa |
| Centro/agencia transcriptor |
CAAAP |
| 041 ## - CÓDIGO DE LENGUA |
| Código de lengua del texto/banda sonora o título independiente |
spa |
| 050 ## - SIGNATURA TOPOGRÁFICA DE LA BIBLIOTECA DEL CONGRESO |
| Número de clasificación |
FP 118 .F7 |
| Número de documento/Ítem |
.O73 |
| 100 1# - ENTRADA PRINCIPAL--NOMBRE DE PERSONA |
| 9 (RLIN) |
2201 |
| Nombre personal |
Ortiz, Dionisio |
| 245 13 - MENCIÓN DE TÍTULO |
| Título |
La montaña de Ayacucho / |
| Mención de responsabilidad, etc. |
Dionisio Ortiz |
| 250 ## - MENCIÓN DE EDICIÓN |
| Mención de edición |
1ra ed. |
| 260 ## - PUBLICACIÓN, DISTRIBUCIÓN, ETC. |
| Lugar de publicación, distribución, etc. |
Lima , |
| Fecha de publicación, distribución, etc. |
1981 |
| 300 ## - DESCRIPCIÓN FÍSICA |
| Extensión |
306 p.: |
| Otras características físicas |
ilustraciones, fotografías; |
| Dimensiones |
23 cm |
| 505 ## - NOTA DE CONTENIDO CON FORMATO |
| Nota de contenido con formato |
Contiene : Introducción -- Los jesuitas en la montaña de Ayacucho -- Los agustinos en la montaña de Ayacucho -- Los franciscanos en las montañas del Apurímac y Mantaro otros importantes acontecimientos -- El Padre biedma explora las montañas del Apurimax y Mantaro -- La montaña de Ayacucho en el siglo XVIII -- Gobierno del padre Manuel Sobreviela guardian de Ocopa y superior de misiones (1787 - 1803) -- Principales acontecimientos histórico-s de las montañas del Apurímac y Mantaro en el siglo XIX (1800-1900) -- Estado actual de las montañas del Apurímac y Mantaro (año 1980) |
| 610 10 - PUNTO DE ACCESO ADICIONAL DE MATERIA--NOMBRE DE ENTIDAD CORPORATIVA |
| 9 (RLIN) |
342 |
| Nombre de entidad corporativa o nombre de jurisdicción como elemento de entrada |
Jesuítas |
| Subdivisión general |
Misiones |
| Subdivisión geográfica |
Perú |
| 650 10 - PUNTO DE ACCESO ADICIONAL DE MATERIA--TÉRMINO DE MATERIA |
| 9 (RLIN) |
31 |
| Término de materia o nombre geográfico como elemento de entrada |
Misiones Religiosas |
| 650 20 - PUNTO DE ACCESO ADICIONAL DE MATERIA--TÉRMINO DE MATERIA |
| 9 (RLIN) |
270 |
| Término de materia o nombre geográfico como elemento de entrada |
Etnografía |
| 650 20 - PUNTO DE ACCESO ADICIONAL DE MATERIA--TÉRMINO DE MATERIA |
| 9 (RLIN) |
1114 |
| Término de materia o nombre geográfico como elemento de entrada |
Geografía |
| 651 10 - PUNTO DE ACCESO ADICIONAL DE MATERIA--NOMBRE GEOGRÁFICO |
| 9 (RLIN) |
753 |
| Nombre geográfico |
Ayacucho |
| Subdivisión geográfica |
Perú |
| 942 ## - ELEMENTOS PERSONALIZADOS KOHA |
| Fuente del sistema de clasificación o colocación |
|
| Fecha de catalogación |
16 - 04 - 21 |
| Tipo de ítem Koha |
Libros |